[Event "PSV Duisburg 1 - SF Katernberg 2"]
[Site "NRW-Klasse, Gruppe 1 2013/201"]
[Date "2014.01.12"]
[Round "5.4"]
[White "Maslak, Sulejman"]
[Black "Valkyser, Martin"]
[Result "1-0"]
[WhiteElo "2245"]
[BlackElo "2181"]
[PlyCount "69"]
[EventDate "2014.??.??"]
[WhiteTeam "PSV Duisburg 1"]
[BlackTeam "SF Katernberg 2"]

1. c4 c5 2. Nc3 Nc6 3. g3 g6 4. Bg2 Bg7 5. e3 e5 6. Nge2 Nge7 7. O-O O-O 8. a3
d6 9. Rb1 a5 10. Nd5 Nxd5 11. cxd5 Ne7 12. b4 axb4 13. axb4 b6 14. f4 exf4 15.
Nxf4 Nf5 16. Bb2 Bxb2 17. Rxb2 Ba6 18. b5 Bc8 19. Ne2 Qf6 20. Qc2 Qe5 21. Qc3
Qxc3 22. Nxc3 Ra3 23. Ne4 Rd8 24. g4 Nh6 25. Rf6 Ra1+ 26. Bf1 Bxg4 27. Kf2 Nf5
28. h3 Bd1 29. Ng5 Rd7 30. e4 Nd4 31. e5 dxe5 32. Rxb6 Rxd5 33. Bc4 Rd7 34.
Nxf7 Rxf7+ 35. Rf6 1-0

[Event "PSV Duisburg 1 - SF Katernberg 2"]
[Site "NRW-Klasse, Gruppe 1 2013/201"]
[Date "2014.01.12"]
[Round "5.5"]
[White "Rosen, Willy"]
[Black "Heisel, Guido"]
[Result "0-1"]
[WhiteElo "2183"]
[BlackElo "2094"]
[PlyCount "54"]
[EventDate "2014.??.??"]
[WhiteTeam "SF Katernberg 2"]
[BlackTeam "PSV Duisburg 1"]

1. e4 d5 2. exd5 Nf6 3. d4 Bg4 4. f3 Bf5 5. c4 e6 6. Bd3 Bxd3 7. Qxd3 exd5 8.
Nc3 Nc6 9. c5 Qd7 10. a3 Be7 11. Nge2 b6 12. b4 bxc5 13. bxc5 O-O 14. O-O Na5
15. Rb1 Nc4 16. Nxd5 Nxd5 17. Qxc4 Bf6 18. Rd1 Rad8 19. Nf4 Qf5 20. Nxd5 Rxd5
21. Be3 Rfd8 22. Rb7 Qe6 23. Bf2 Qc6 24. Rdb1 Qe8 25. Rxc7 Bxd4 26. h3 Bxf2+
27. Kxf2 Qe5 0-1

[Event "PSV Duisburg 1 - SF Katernberg 2"]
[Site "NRW-Klasse, Gruppe 1 2013/201"]
[Date "2014.01.12"]
[Round "5.6"]
[White "Kleff, Andre"]
[Black "Wessendorf, Thomas"]
[Result "1-0"]
[WhiteElo "2108"]
[BlackElo "2181"]
[PlyCount "171"]
[EventDate "2014.??.??"]
[WhiteTeam "PSV Duisburg 1"]
[BlackTeam "SF Katernberg 2"]

1. d4 c5 2. e3 Nf6 3. Nf3 e6 4. Bd3 b6 5. b3 Bb7 6. Bb2 Be7 7. O-O O-O 8. Nbd2
Nc6 9. a3 Qc7 10. c4 cxd4 11. exd4 d5 12. Qe2 Rfd8 13. Rfd1 Rac8 14. Rac1 Qf4
15. c5 Nd7 16. b4 bxc5 17. dxc5 Nxb4 18. axb4 Qxb4 19. Rb1 Qxc5 20. Ne5 Nf6 21.
Ndf3 Ne4 22. Bd4 Qc7 23. Qb2 Ba8 24. Rdc1 Qd6 25. Ra1 f6 26. Rxa7 fxe5 27. Bxe5
Rxc1+ 28. Qxc1 Qc5 29. Qxc5 Bxc5 30. Rxg7+ Kf8 31. Rxh7 Nxf2 32. Bg6 Ng4+ 33.
Kf1 Nxe5 34. Nxe5 Bd4 35. Rf7+ Ke8 36. Rf4+ Ke7 37. Rxd4 Kf6 38. Nf7 Rg8 39.
Bh5 e5 40. Ra4 d4 41. g4 Rf8 42. Ke1 Bd5 43. Ra6+ Be6 44. Nd6 Kg5 45. Ne4+ Kf4
46. Rxe6 Kxe4 47. Bg6+ Kf4 48. h4 Kxg4 49. h5 Kg5 50. Rxe5+ Kh6 51. Rd5 Rf4 52.
Bd3 Rh4 53. Be2 Rf4 54. Rd6+ Kg7 55. h6+ Kh8 56. Bd3 Rf8 57. Rxd4 Re8+ 58. Kf2
Rf8+ 59. Ke3 Re8+ 60. Kf4 Rf8+ 61. Bf5 Rb8 62. Rd7 Re8 63. Kg5 Rg8+ 64. Kf6
Rf8+ 65. Kg6 Re8 66. Rh7+ Kg8 67. Rg7+ Kh8 68. Rh7+ Kg8 69. Ra7 Kh8 70. Bc2
Rg8+ 71. Rg7 Rb8 72. Rc7 Rg8+ 73. Kh5 Rb8 74. Bf5 Re8 75. Rc6 Rf8 76. Rc5 Re8
77. Bd7 Rg8 78. Be6 Re8 79. Rc6 Kh7 80. Rb6 Kh8 81. Kg6 Rf8 82. Bf7 Rd8 83. Rf6
Rf8 84. Rf5 Rd8 85. Be6 Re8 86. Rf6 1-0

[Event "PSV Duisburg 1 - SF Katernberg 2"]
[Site "NRW-Klasse, Gruppe 1 2013/201"]
[Date "2014.01.12"]
[Round "5.7"]
[White "Gassmann, Volker"]
[Black "Sponheim, Marko"]
[Result "1-0"]
[WhiteElo "2146"]
[BlackElo "2073"]
[PlyCount "67"]
[EventDate "2014.??.??"]
[WhiteTeam "SF Katernberg 2"]
[BlackTeam "PSV Duisburg 1"]

1. d4 Nf6 2. c4 c5 3. Nf3 cxd4 4. Nxd4 e5 5. Nb5 d5 6. cxd5 Bc5 7. N5c3 O-O 8.
g3 Qb6 9. e3 Bg4 10. Be2 Bxe2 11. Qxe2 e4 12. O-O Re8 13. a3 a5 14. Rd1 Na6 15.
Nd2 Nc7 16. Qc4 Ng4 17. Ndxe4 Qh6 18. h4 Bb6 19. d6 Ne6 20. Nd5 Bd8 21. d7 Rf8
22. Nd6 Ne5 23. Qe4 Nxd7 24. Nf5 Qh5 25. Nde7+ Bxe7 26. Nxe7+ Kh8 27. Rxd7 Rad8
28. Qd5 Qg4 29. b4 Rxd7 30. Qxd7 Rd8 31. Qxb7 Rd1+ 32. Kh2 Qe2 33. Qg2 Qc2 34.
f4 1-0

[Event "PSV Duisburg 1 - SF Katernberg 2"]
[Site "NRW-Klasse, Gruppe 1 2013/201"]
[Date "2014.01.12"]
[Round "5.8"]
[White "Sirringhaus, Wilfried"]
[Black "Mueller-Clostermann, Bruno"]
[Result "0-1"]
[WhiteElo "2100"]
[BlackElo "2073"]
[PlyCount "72"]
[EventDate "2014.??.??"]
[WhiteTeam "PSV Duisburg 1"]
[BlackTeam "SF Katernberg 2"]

1. e4 Nf6 2. Nc3 e5 3. Bc4 Nxe4 4. Qh5 Nd6 5. Bb3 Nc6 6. Nb5 g6 7. Qf3 f5 8.
Qd5 Qf6 9. Nxc7+ Kd8 10. Nxa8 b6 11. d3 Bb7 12. h4 f4 13. Nxb6 axb6 14. Qf3 Bh6
15. Qg4 e4 16. Ne2 Ne5 17. Qh3 exd3 18. cxd3 f3 19. Bxh6 Nxd3+ 20. Kd2 Qxb2+
21. Bc2 Nxf2 22. Bg5+ Kc8 23. Rab1 Qe5 24. gxf3 Nxh3 25. Rxh3 Re8 26. Bd3 Qa5+
27. Nc3 Ba6 28. f4 Bxd3 29. Rxd3 Nc4+ 30. Kd1 Re3 31. Rxe3 Nxe3+ 32. Kd2 Nd5
33. Rc1 Kb7 34. a3 Qc5 35. Nxd5 Qxd5+ 36. Kc2 Qa2+ 0-1

[Event "Elberfelder SG 1 - SK Königsspringer Is"]
[Site "NRW-Klasse, Gruppe 1 2013/201"]
[Date "2014.01.12"]
[Round "5.1"]
[White "Scheider, Julian"]
[Black "Odendahl, Reiner"]
[Result "1/2-1/2"]
[WhiteElo "2262"]
[BlackElo "2252"]
[PlyCount "156"]
[EventDate "2014.??.??"]
[WhiteTeam "SK Königsspringer Iserlohn 1"]
[BlackTeam "Elberfelder SG 1"]

1. e4 c5 2. Nf3 d6 3. d4 cxd4 4. Nxd4 Nf6 5. Nc3 a6 6. Be3 Ng4 7. Bg5 h6 8. Bh4
g5 9. Bg3 Bg7 10. h3 Ne5 11. f3 Nbc6 12. Bf2 Ng6 13. Qd2 Qa5 14. O-O-O Be6 15.
Kb1 Rc8 16. a3 Nxd4 17. Bxd4 Be5 18. Rg1 f6 19. g3 h5 20. h4 gxh4 21. f4 Bxd4
22. Qxd4 Bg4 23. Be2 Rxc3 24. Bxg4 Rxg3 25. Bf5 Nxf4 26. Rxg3 hxg3 27. Qe3 Qe5
28. Qxg3 h4 29. Qg7 Rf8 30. Rh1 h3 31. Qh7 Kd8 32. Bxh3 Nxh3 33. Rxh3 f5 34.
exf5 Qxf5 35. Qxf5 Rxf5 36. Kc1 Rf2 37. Rb3 Kc7 38. Rc3+ Kd7 39. Rb3 Kc6 40.
Rc3+ Kd7 41. Rb3 b5 42. a4 Rf5 43. axb5 axb5 44. Rd3 Kc6 45. Re3 e5 46. Rc3+
Kb6 47. Rd3 Rf6 48. Kd2 b4 49. c4 bxc3+ 50. bxc3 Kc5 51. Rh3 Kd5 52. Rh4 Rf4
53. Rh6 Rf3 54. Rg6 Rh3 55. Rf6 e4 56. Rf8 Rd3+ 57. Kc2 Rf3 58. Re8 Rf2+ 59.
Kd1 Rh2 60. Re7 Rh6 61. Kd2 Re6 62. Ra7 Ke5 63. Ke3 Rh6 64. Ra5+ d5 65. c4 Rh3+
66. Kf2 Kf4 67. Rxd5 Rh2+ 68. Kf1 Ke3 69. c5 Rh1+ 70. Kg2 Rc1 71. Kg3 Rc4 72.
Kg4 Kf2 73. Rf5+ Ke2 74. Re5 e3+ 75. Kf5 Kd3 76. Ke6 Re4 77. Rxe4 Kxe4 78. c6
e2 1/2-1/2

[Event "Elberfelder SG 1 - SK Königsspringer Is"]
[Site "NRW-Klasse, Gruppe 1 2013/201"]
[Date "2014.01.12"]
[Round "5.2"]
[White "Hintze, Helge"]
[Black "Schmuecker, Marcus"]
[Result "1-0"]
[WhiteElo "2285"]
[BlackElo "2189"]
[PlyCount "49"]
[EventDate "2014.??.??"]
[WhiteTeam "Elberfelder SG 1"]
[BlackTeam "SK Königsspringer Iserlohn 1"]

1. c4 c6 2. Nf3 d5 3. d4 Nf6 4. Nc3 dxc4 5. e3 b5 6. a4 b4 7. Nb1 a5 8. Bxc4
Ba6 9. Nbd2 e6 10. O-O Be7 11. b3 O-O 12. Bb2 Qb6 13. Rc1 Nbd7 14. Qe2 c5 15.
Ne5 Bxc4 16. Rxc4 Qa6 17. Nxd7 Nxd7 18. dxc5 Nxc5 19. Qg4 f6 20. Rfc1 Rac8 21.
Bd4 Rfd8 22. h3 e5 23. Bxc5 Rxc5 24. Rxc5 Rxd2 25. Rc8+ 1-0

[Event "Elberfelder SG 1 - SK Königsspringer Is"]
[Site "NRW-Klasse, Gruppe 1 2013/201"]
[Date "2014.01.12"]
[Round "5.3"]
[White "Eckardt, Joshua"]
[Black "Kurr, Gerd"]
[Result "0-1"]
[WhiteElo "2039"]
[BlackElo "2169"]
[PlyCount "52"]
[EventDate "2014.??.??"]
[WhiteTeam "SK Königsspringer Iserlohn 1"]
[BlackTeam "Elberfelder SG 1"]

1. Nf3 Nf6 2. c4 e6 3. g3 d5 4. d4 c5 5. cxd5 Nxd5 6. Bg2 Nc6 7. O-O Be7 8. Nc3
Nxc3 9. bxc3 O-O 10. e4 b6 11. d5 Na5 12. Bf4 exd5 13. exd5 Bd6 14. Bxd6 Qxd6
15. Qd3 Re8 16. Rfe1 Bb7 17. Ng5 Qg6 18. Qb5 Kf8 19. h4 h6 20. Be4 f5 21. Ne6+
Rxe6 22. dxe6 fxe4 23. Qd7 Re8 24. Rad1 Qxe6 25. Qc7 Qc6 26. Qf4+ Qf6 0-1

[Event "Elberfelder SG 1 - SK Königsspringer Is"]
[Site "NRW-Klasse, Gruppe 1 2013/201"]
[Date "2014.01.12"]
[Round "5.4"]
[White "Noetzel, Frank"]
[Black "Franke, Thomas"]
[Result "1/2-1/2"]
[WhiteElo "2120"]
[BlackElo "2055"]
[PlyCount "42"]
[EventDate "2014.??.??"]
[WhiteTeam "Elberfelder SG 1"]
[BlackTeam "SK Königsspringer Iserlohn 1"]

1. e4 e6 2. d4 d5 3. Nc3 Bb4 4. Nge2 Nc6 5. a3 Ba5 6. Be3 dxe4 7. b4 Bb6 8.
Nxe4 e5 9. Nc5 Nf6 10. c4 Bxc5 11. dxc5 Qxd1+ 12. Rxd1 a5 13. b5 Ne7 14. Nc3
Be6 15. Be2 Nf5 16. Nd5 Bxd5 17. cxd5 Nxe3 18. fxe3 b6 19. d6 O-O-O 20. Rc1
cxd6 21. cxd6+ Kd7 1/2-1/2

[Event "Elberfelder SG 1 - SK Königsspringer Is"]
[Site "NRW-Klasse, Gruppe 1 2013/201"]
[Date "2014.01.12"]
[Round "5.5"]
[White "Messarius, Juergen"]
[Black "Maj, Kornel"]
[Result "0-1"]
[WhiteElo "2166"]
[BlackElo "1888"]
[Annotator "Doe,John"]
[PlyCount "78"]
[EventDate "2014.??.??"]
[WhiteTeam "SK Königsspringer Iserlohn 1"]
[BlackTeam "Elberfelder SG 1"]

1. e4 e5 2. Nf3 Nc6 3. d4 exd4 4. Nxd4 Nf6 5. Nxc6 bxc6 6. e5 Qe7 7. Qe2 Nd5 8.
c4 Ba6 9. g3 g5 10. b3 Bg7 11. Bb2 O-O-O 12. Nd2 Nb4 13. Nf3 Rhe8 14. Bg2 g4
15. Nh4 Bxe5 16. O-O Nd3 17. Bxe5 Nxe5 18. Qc2 Ng6 19. Nf5 Qg5 20. b4 Bb7 21.
b5 c5 22. f4 gxf3 23. Bxf3 Bxf3 24. Rxf3 Qg4 25. Qg2 Qe4 26. Nh6 d5 27. Raf1
Ne5 28. Qh3+ Kb8 29. Rf4 Qe3+ 30. Kh1 dxc4 31. Nxf7 $11 Nxf7 32. Rxf7 Qe4+ 33.
Qg2 c3 34. R7f4 Qxg2+ 35. Kxg2 Rd2+ 36. Kh3 c2 37. Rc1 Ree2 38. Rc4 Rxh2+ 39.
Kg4 Rd4+ 0-1

[Event "Elberfelder SG 1 - SK Königsspringer Is"]
[Site "NRW-Klasse, Gruppe 1 2013/201"]
[Date "2014.01.12"]
[Round "5.6"]
[White "Kesseler, Heiko"]
[Black "Klauke, Stefan"]
[Result "0-1"]
[WhiteElo "2021"]
[BlackElo "2059"]
[PlyCount "108"]
[EventDate "2014.??.??"]
[WhiteTeam "Elberfelder SG 1"]
[BlackTeam "SK Königsspringer Iserlohn 1"]

1. e4 c5 2. Nf3 Nf6 3. d3 g6 4. g3 Bg7 5. Bg2 Nc6 6. O-O O-O 7. Nc3 b6 8. Bg5
h6 9. Be3 Bb7 10. h3 d5 11. Nxd5 Nxd5 12. exd5 Qxd5 13. Qd2 Ne5 14. Ne1 Qxg2+
15. Nxg2 Nf3+ 16. Kh1 Nxd2 17. Bxd2 Bxb2 18. Rae1 Bf6 19. Bxh6 Rfd8 20. f3 Rd4
21. Bc1 Rd7 22. Ne3 Ba6 23. Kg2 Rc8 24. Ng4 Bc3 25. Rd1 Rcd8 26. Ne3 f6 27. h4
Kf7 28. Rh1 Rh8 29. Kf2 Bd4 30. Kg2 Rh5 31. g4 Re5 32. Kf2 c4 33. dxc4 Ra5 34.
a3 Bxc4 35. c3 Bxe3+ 36. Kxe3 Re5+ 37. Kf2 Re2+ 38. Kg3 Rxd1 39. Rxd1 Rc2 40.
h5 Rxc3 41. Bb2 Rb3 42. hxg6+ Kxg6 43. Rd2 e6 44. Rf2 Bd5 45. Bc1 b5 46. Kg2 a5
47. Kg3 a4 48. Kg2 b4 49. axb4 Rxb4 50. Bb2 Rxg4+ 51. Kf1 Bc4+ 52. Ke1 Rg1+ 53.
Kd2 Rg3 54. Ke3 Bd5 0-1

[Event "Elberfelder SG 1 - SK Königsspringer Is"]
[Site "NRW-Klasse, Gruppe 1 2013/201"]
[Date "2014.01.12"]
[Round "5.7"]
[White "Kramps, Rene"]
[Black "Wicht, Juergen"]
[Result "1/2-1/2"]
[WhiteElo "2068"]
[BlackElo "2086"]
[PlyCount "20"]
[EventDate "2014.??.??"]
[WhiteTeam "SK Königsspringer Iserlohn 1"]
[BlackTeam "Elberfelder SG 1"]

1. b3 e5 2. Bb2 d6 3. e3 Nf6 4. d4 exd4 5. exd4 d5 6. Nf3 Bf5 7. Bd3 Bxd3 8.
Qxd3 c6 9. O-O Be7 10. Nbd2 O-O 1/2-1/2

[Event "Elberfelder SG 1 - SK Königsspringer Is"]
[Site "NRW-Klasse, Gruppe 1 2013/201"]
[Date "2014.01.12"]
[Round "5.8"]
[White "Fuchs, Thomas"]
[Black "Schwanbeck, Christoph"]
[Result "1-0"]
[WhiteElo "1937"]
[BlackElo "2015"]
[PlyCount "73"]
[EventDate "2014.??.??"]
[WhiteTeam "Elberfelder SG 1"]
[BlackTeam "SK Königsspringer Iserlohn 1"]

1. e4 d6 2. d4 Nf6 3. Nc3 Nbd7 4. Nf3 e5 5. Be2 Be7 6. O-O c6 7. a4 O-O 8. h3
Qc7 9. Be3 a5 10. Qd2 Re8 11. dxe5 dxe5 12. Ne1 Nc5 13. Bd3 Be6 14. Qe2 Rad8
15. g4 Bc8 16. f3 Ne6 17. Ng2 h5 18. Qf2 Nh7 19. Kh2 Rd6 20. Ne2 Bd8 21. Bc4
Qd7 22. Nh4 hxg4 23. hxg4 Neg5 24. Nf5 Rf6 25. Ng1 Qc7 26. Qe2 Bxf5 27. gxf5
Qe7 28. Kg2 Rd6 29. Qf2 Qd7 30. Qg3 g6 31. f6 Ne6 32. Ne2 Nxf6 33. Rh1 b5 34.
Bb3 Nf8 35. Rh2 N6h7 36. Rah1 Rd1 37. Rxh7 1-0

[Event "Südlohner SV 1 - Bielefelder SK 1"]
[Site "NRW-Klasse, Gruppe 1 2013/201"]
[Date "2014.01.12"]
[Round "5.1"]
[White "Forchert, Martin"]
[Black "Funke, Reinhard"]
[Result "1-0"]
[WhiteElo "2267"]
[BlackElo "2126"]
[PlyCount "65"]
[EventDate "2014.??.??"]
[WhiteTeam "Bielefelder SK 1"]
[BlackTeam "Südlohner SV 1"]

1. e4 c5 2. Nf3 Nc6 3. d4 cxd4 4. Nxd4 Nf6 5. Nc3 d6 6. Bg5 e6 7. Qd2 a6 8.
O-O-O h6 9. Be3 Be7 10. f3 Bd7 11. g4 b5 12. Bd3 b4 13. Nce2 Qa5 14. Kb1 Ne5
15. h4 Bb5 16. g5 hxg5 17. hxg5 Rxh1 18. Rxh1 Nfd7 19. f4 Nxd3 20. cxd3 Nc5 21.
Nc1 Bd7 22. Rh8+ Bf8 23. f5 e5 24. Nc2 O-O-O 25. a3 Qb5 26. Nxb4 g6 27. f6 Be6
28. Nca2 Na4 29. d4 Kb7 30. d5 Bd7 31. b3 a5 32. bxa4 Qf1+ 33. Nc1 1-0

[Event "Südlohner SV 1 - Bielefelder SK 1"]
[Site "NRW-Klasse, Gruppe 1 2013/201"]
[Date "2014.01.12"]
[Round "5.2"]
[White "Kolakovic, Klaudio"]
[Black "Simon, Hans Christian"]
[Result "0-1"]
[WhiteElo "2003"]
[BlackElo "2143"]
[PlyCount "122"]
[EventDate "2014.??.??"]
[WhiteTeam "Südlohner SV 1"]
[BlackTeam "Bielefelder SK 1"]

1. d4 f5 2. Nc3 Nf6 3. Bg5 d5 4. e3 e6 5. Nf3 Be7 6. Ne5 Nbd7 7. Bxf6 Bxf6 8.
Nxd7 Bxd7 9. Ne2 Bb5 10. Nf4 Bxf1 11. Kxf1 Qd6 12. Nd3 O-O 13. f4 b6 14. c3 c5
15. g3 Qc6 16. Kg2 c4 17. Ne1 b5 18. h3 a5 19. g4 b4 20. Nf3 Rab8 21. g5 Be7
22. Ne5 Qe8 23. Kg3 Bd6 24. Rh2 Rb7 25. h4 Qb5 26. h5 Rfb8 27. h6 g6 28. Nf3 a4
29. cxb4 Qxb4 30. Rc1 Qa5 31. Rcc2 a3 32. bxa3 Qxa3 33. Qe2 Rb1 34. Rg2 Qa5 35.
Rg1 R1b7 36. Rd1 Qa4 37. Rdd2 Bb4 38. Rd1 Bd6 39. Rdd2 Bb4 40. Rd1 Ba3 41. Qf2
Rb6 42. Re1 R8b7 43. Rd1 Bb2 44. Ne1 Qxa2 45. Rdd2 Qa3 46. Re2 Bxd4 47. Ra2 Qb3
48. Nf3 Bc5 49. Ra8+ Rb8 50. Ra7 R6b7 51. Ra6 Rb6 52. Ra7 R6b7 53. Ra6 Re7 54.
Ne5 Rc8 55. Qf3 c3 56. Nc6 c2 57. Nxe7+ Bxe7 58. Rxc2 Rxc2 59. Rxe6 Kf7 60. Re5
Rd2 61. Qf1 Qd1 0-1

[Event "Südlohner SV 1 - Bielefelder SK 1"]
[Site "NRW-Klasse, Gruppe 1 2013/201"]
[Date "2014.01.12"]
[Round "5.3"]
[White "Goeßling, Guido"]
[Black "Darwisch, Khaled"]
[Result "1-0"]
[WhiteElo "2146"]
[BlackElo "1990"]
[PlyCount "153"]
[EventDate "2014.??.??"]
[WhiteTeam "Bielefelder SK 1"]
[BlackTeam "Südlohner SV 1"]

1. e4 d6 2. d4 g6 3. Nc3 Bg7 4. Be3 Nf6 5. Qd2 Ng4 6. Bg5 h6 7. Bh4 g5 8. Bg3
e5 9. Nf3 Nc6 10. Bb5 O-O 11. Bxc6 bxc6 12. h3 exd4 13. Nxd4 c5 14. Nf3 Nf6 15.
O-O-O Nh5 16. Bh2 Bb7 17. Rhe1 f5 18. e5 g4 19. Ng1 dxe5 20. Bxe5 Qxd2+ 21.
Rxd2 Rae8 22. Rde2 Bxg2 23. hxg4 fxg4 24. Bxc7 Rxe2 25. Rxe2 Bd4 26. Nd1 g3 27.
fxg3 Bf1 28. Rh2 Ng7 29. Ne2 Bxe2 30. Rxe2 Rf1 31. c3 Bf6 32. Rf2 Bg5+ 33. Kc2
Re1 34. b3 Ne6 35. Bb8 a5 36. a4 c4 37. bxc4 Nc5 38. Bc7 Nxa4 39. Bxa5 Nc5 40.
Bb6 Ne4 41. Rg2 Nd6 42. Nb2 Kf7 43. Bd4 Ke6 44. Kd3 Kd7 45. c5 Nf5 46. Nc4 Kc7
47. g4 Ne7 48. Ne5 Nd5 49. Ra2 Rc1 50. Ra7+ Kb8 51. Rf7 Kc8 52. Kc4 Nc7 53. c6
Ne6 54. Kd5 Nc7+ 55. Kd6 Nb5+ 56. Ke6 Nc7+ 57. Kf5 Nb5 58. Rf8+ Kc7 59. Rf7+
Kc8 60. Rh7 Nxc3 61. Bb6 Rf1+ 62. Kg6 Rf6+ 63. Kh5 Rxc6 64. Nxc6 Nd5 65. Kg6
Nxb6 66. Ne7+ Kd8 67. Nf5 Nd7 68. Rh8+ Kc7 69. Nxh6 Bd2 70. Nf7 Bc3 71. Rh2
Nf8+ 72. Kf5 Kd7 73. Rc2 Bg7 74. Re2 Bc3 75. Ng5 Ba1 76. Ne6 Nh7 77. g5 1-0

[Event "Südlohner SV 1 - Bielefelder SK 1"]
[Site "NRW-Klasse, Gruppe 1 2013/201"]
[Date "2014.01.12"]
[Round "5.4"]
[White "Doennebrink, Elmar"]
[Black "Forchert, Niko"]
[Result "1-0"]
[WhiteElo "2044"]
[BlackElo "2119"]
[PlyCount "41"]
[EventDate "2014.??.??"]
[WhiteTeam "Südlohner SV 1"]
[BlackTeam "Bielefelder SK 1"]

1. e4 d5 2. exd5 Qxd5 3. Nc3 Qd6 4. Nf3 Nf6 5. Be2 c6 6. O-O Bg4 7. Ng5 Bxe2 8.
Qxe2 e6 9. d3 Be7 10. Nce4 Qc7 11. Nxf7 Kxf7 12. Ng5+ Ke8 13. Nxe6 Qd7 14. Re1
Kf7 15. Ng5+ Kf8 16. Bf4 Bd6 17. Ne6+ Kg8 18. Bg5 Qe8 19. Bxf6 gxf6 20. Qg4+
Qg6 21. Qd4 1-0

[Event "Südlohner SV 1 - Bielefelder SK 1"]
[Site "NRW-Klasse, Gruppe 1 2013/201"]
[Date "2014.01.12"]
[Round "5.5"]
[White "Danielmeier, Ralf"]
[Black "Hater, Wolfgang"]
[Result "0-1"]
[WhiteElo "2023"]
[BlackElo "2056"]
[PlyCount "74"]
[EventDate "2014.??.??"]
[WhiteTeam "Bielefelder SK 1"]
[BlackTeam "Südlohner SV 1"]

1. e4 e5 2. Bc4 Be7 3. Nc3 d6 4. d3 Nf6 5. f4 c6 6. Nf3 b5 7. Bb3 Nbd7 8. O-O
O-O 9. a3 a5 10. d4 Qc7 11. Kh1 exd4 12. Nxd4 Nc5 13. e5 Nxb3 14. exf6 Nxa1 15.
fxe7 Re8 16. Bd2 b4 17. Ne4 Rxe7 18. Qf3 d5 19. Ng3 c5 20. Ndf5 Bxf5 21. Nxf5
Nxc2 22. Nxe7+ Qxe7 23. Rc1 Nd4 24. Qxd5 Rd8 25. Qc4 h6 26. Re1 Qd6 27. h3 Nf3
28. gxf3 Qxd2 29. Re2 Qd1+ 30. Kg2 Rd6 31. Re8+ Kh7 32. Qe4+ Rg6+ 33. Kf2 Qd2+
34. Kf1 Qc1+ 35. Kf2 Qxb2+ 36. Kf1 bxa3 37. Qa8 Qb1+ 0-1

[Event "Südlohner SV 1 - Bielefelder SK 1"]
[Site "NRW-Klasse, Gruppe 1 2013/201"]
[Date "2014.01.12"]
[Round "5.7"]
[White "Nagel, Jens"]
[Black "Schmeing, Walter"]
[Result "1/2-1/2"]
[WhiteElo "1955"]
[BlackElo "1992"]
[PlyCount "53"]
[EventDate "2014.??.??"]
[WhiteTeam "Bielefelder SK 1"]
[BlackTeam "Südlohner SV 1"]

1. d4 d5 2. Nf3 Nf6 3. c4 e6 4. Nc3 c6 5. e3 Be7 6. Bd3 Nbd7 7. O-O O-O 8. Qe2
b6 9. e4 dxe4 10. Nxe4 Bb7 11. Bf4 Nxe4 12. Bxe4 Nf6 13. Bc2 c5 14. Rfd1 Bxf3
15. Qxf3 cxd4 16. Be5 Qc8 17. Rxd4 Qc5 18. Qe2 Rad8 19. Rad1 Rxd4 20. Rxd4 g6
21. a3 Rd8 22. b4 Qc6 23. Rxd8+ Bxd8 24. Qd3 Be7 25. Bd1 Nd7 26. Bc3 Qc7 27.
Qe4 1/2-1/2

[Event "Südlohner SV 1 - Bielefelder SK 1"]
[Site "NRW-Klasse, Gruppe 1 2013/201"]
[Date "2014.01.12"]
[Round "5.8"]
[White "Teloeken, Andreas"]
[Black "Ebert, Karsten"]
[Result "1-0"]
[WhiteElo "1971"]
[BlackElo "1874"]
[PlyCount "89"]
[EventDate "2014.??.??"]
[WhiteTeam "Südlohner SV 1"]
[BlackTeam "Bielefelder SK 1"]

1. e4 e6 2. d3 d5 3. Nd2 Nf6 4. Ngf3 c5 5. g3 Nc6 6. Bg2 Bd6 7. O-O O-O 8. Nh4
dxe4 9. dxe4 e5 10. Nf5 Bc7 11. c3 Be6 12. Qe2 Qd7 13. Nb3 b6 14. Rd1 Qe8 15.
Bg5 Bxf5 16. exf5 Rd8 17. Bxf6 gxf6 18. Nd2 Nb8 19. Ne4 Qe7 20. Qg4+ Kh8 21.
Qh4 Rxd1+ 22. Rxd1 Kg7 23. Bf1 Rd8 24. Qg4+ Kh8 25. Qh5 Kg7 26. Re1 a6 27. a4
h6 28. Qg4+ Kh8 29. Qh4 Kg7 30. Qg4+ Kh8 31. Qh4 Kg7 32. g4 Rh8 33. Ng3 Bd8 34.
Nh5+ Kf8 35. Qg3 Qd7 36. b3 Rg8 37. h3 Qd2 38. Re2 Qd6 39. Qe3 Rh8 40. Rd2 Qc7
41. Qd3 Be7 42. Qd5 Kg8 43. Bc4 Rh7 44. Qa8 a5 45. Bb5 1-0

[Event "SF Katernberg 2 - Elberfelder SG 1"]
[Site "NRW-Klasse, Gruppe 1 2013/201"]
[Date "2014.02.02"]
[Round "6.1"]
[White "Odendahl, Reiner"]
[Black "Scholz, Christian"]
[Result "1-0"]
[WhiteElo "2252"]
[BlackElo "2356"]
[Annotator "Doe,John"]
[PlyCount "165"]
[EventDate "2014.??.??"]
[WhiteTeam "Elberfelder SG 1"]
[BlackTeam "SF Katernberg 2"]

1. Nf3 d6 2. d4 Nf6 3. g3 g6 4. Bg2 Bg7 5. O-O O-O 6. c4 Nc6 7. Nc3 Rb8 8. d5
Na5 9. Nd2 c5 10. Qc2 a6 11. b3 b5 12. Bb2 Nd7 13. Rab1 e5 14. e4 f5 15. exf5
gxf5 16. f4 e4 17. Ne2 Bxb2 18. Rxb2 e3 19. Nf3 bxc4 20. Ng5 Qf6 21. Ne6 Re8
22. g4 cxb3 23. axb3 Nc4 24. Ra2 Nd2 25. g5 Qf7 26. Ng3 Rxe6 27. dxe6 Qxe6 28.
Nxf5 Kf8 29. Re1 Rxb3 $11 30. Raa1 Qg6 31. Rxe3 Rxe3 32. Nxe3 Qxc2 33. Nxc2 Nb6
34. Ne3 c4 35. Kf2 Nb3 36. Ra3 Nc5 37. Nd5 Nba4 38. Ke3 Bf5 39. Bf1 Nb2 40. Nc3
Be6 41. Ra2 Nbd3 42. Bxd3 cxd3 43. Ra3 Bc4 44. f5 Nb3 45. Ne4 d5 46. Nf2 d4+
47. Ke4 d2 48. Ke5 Ke7 49. h4 a5 50. h5 Kf7 51. h6 Nc1 52. Kxd4 Be2 53. Ke3
d1=Q 54. Nxd1 Bxd1 55. Ra1 Bc2 56. Rxc1 Bxf5 57. Rc5 Kg6 58. Kf4 Bb1 59. Rxa5
Bd3 60. Rc5 Kh5 61. Rc7 Bb1 62. Rg7 Bg6 63. Rg8 Bf7 64. Rf8 Bg6 65. Rf5 Kh4 66.
Rc5 Kh5 67. Rc3 Bb1 68. Rh3+ Kg6 69. Rh1 Bc2 70. Kg4 Kf7 71. Rf1+ Kg8 72. Rf6
Bd1+ 73. Kf4 Bb3 74. Ke5 Kh8 75. Rb6 Bc4 76. Kf6 Bd5 77. Ra6 Bc4 78. Ra7 Bd5
79. g6 hxg6 80. h7 g5 81. Kg6 g4 82. Rd7 Be4+ 83. Kh6 1-0

[Event "SF Katernberg 2 - Elberfelder SG 1"]
[Site "NRW-Klasse, Gruppe 1 2013/201"]
[Date "2014.02.02"]
[Round "6.2"]
[White "Rosen, Bernd"]
[Black "Hintze, Helge"]
[Result "1-0"]
[WhiteElo "2241"]
[BlackElo "2243"]
[PlyCount "29"]
[EventDate "2014.??.??"]
[WhiteTeam "SF Katernberg 2"]
[BlackTeam "Elberfelder SG 1"]

1. c4 Nf6 2. Nc3 d5 3. cxd5 Nxd5 4. g3 c5 5. Bg2 Nc7 6. Nf3 Nc6 7. O-O g6 8.
Na4 b6 9. d4 cxd4 10. Bf4 Bg7 11. Rc1 e5 12. Qc2 Bd7 13. Nxe5 Nxe5 14. Qxc7
Bxa4 15. Bxa8 1-0

[Event "SF Katernberg 2 - Elberfelder SG 1"]
[Site "NRW-Klasse, Gruppe 1 2013/201"]
[Date "2014.02.02"]
[Round "6.3"]
[White "Kurr, Gerd"]
[Black "Villwock, Martin"]
[Result "1-0"]
[WhiteElo "2169"]
[BlackElo "2180"]
[PlyCount "87"]
[EventDate "2014.??.??"]
[WhiteTeam "Elberfelder SG 1"]
[BlackTeam "SF Katernberg 2"]

1. d4 Nf6 2. Nf3 c5 3. d5 e6 4. c4 exd5 5. cxd5 d6 6. Nc3 g6 7. e4 a6 8. a4 Bg4
9. Be2 Bxf3 10. Bxf3 Bg7 11. O-O O-O 12. Bf4 Qe7 13. Qb3 Nbd7 14. Rfe1 Rab8 15.
h3 Ne5 16. Be2 Nh5 17. Bh2 Qh4 18. Bxh5 Qxh5 19. Ne2 b5 20. axb5 Rxb5 21. Qd1
Rxb2 22. Rxa6 Rfb8 23. Rxd6 c4 24. Nc1 Nd3 25. Nxd3 Qxd1 26. Rxd1 cxd3 27. Rc6
Rb1 28. Rcc1 Rxc1 29. Rxc1 Re8 30. Bf4 f5 31. exf5 gxf5 32. Rd1 Re4 33. Be3 f4
34. Bb6 Bd4 35. Bc7 Re2 36. Rxd3 Re1+ 37. Kh2 Bxf2 38. Bxf4 Re4 39. Bg3 Bb6 40.
d6 h5 41. Rb3 Ba5 42. Rb5 Bd2 43. d7 Rd4 44. Rb8+ 1-0